000 00762nam a2200229Ia 4500
003 GCL
008 140319s9999 xx 000 0 ara d
040 _aGCL /
_cGCL
082 0 4 _a327.2
_bم د
100 1 _aمركز الاعلام الكويتى
245 1 0 _aالدبلوماسية الكويتية فى مواجهة العدوان العراقى على الكويت /
_cمركز الاعلام الكويتى
260 _a[S.N] :
_bالمركز الاعلامى الكويتى ،
_c1992
300 _a347
490 _a
650 0 4 _aالكويت
650 0 4 _aالعراق
650 0 4 _aالدبلوماسية
650 0 4 _aالسلك الدبلوماسى
650 0 4 _aحرب الخليج
650 0 4 _aمجلس الامن
942 _2ddc
_cBK
999 _c31140
_d31140